000
00261nam a22001217a 4500
040
_c
SY
082
_a
630
100
_a
CHAIRE-MARIE LA SADE
245
_a
Agronomie moderne
260
_a
FRANCOPHONES
_b
CHAIRE-MARIE LA SADE
_c
1994
300
_a
544P.
942
_c
EK
999
_c
8792
_d
8792